000
00261nam a22001097a 4500
008
170117b xxu||||| |||| 00| 0 eng d
020
_a
9780131715776
041
_a
eng
080
_a
618.2
245
_a
COMPREHENSIVE MEDICAL ASSISTING
_c
BEAMAN, N
942
_2
udc
_c
BK
999
_c
3031
_d
3031